[Event "FRA-ch U20"]
[Site "Aix les Bains"]
[Date "2006.04.??"]
[Round "2"]
[White "Mathis, Julien"]
[Black "Pieroni, Guillaume"]
[Result "0-1"]
[WhiteElo "1951"]
[BlackElo "2170"]
[PlyCount "136"]
[EventDate "2006.04.??"]
[EventType "swiss"]
[EventRounds "8"]
[EventCountry "FRA"]
[SourceTitle "EXT 2007"]
[Source "ChessBase"]
[SourceDate "2006.11.23"]
[SourceVersion "1"]
[SourceVersionDate "2006.11.23"]
[SourceQuality "1"]

1. c4 e6 2. Nf3 Nf6 3. g3 d5 4. Bg2 Bd6 5. Nc3 c6 6. d4 0-0 7. 0-0 Nbd7 8. e4 Nxe4 9. Nxe4 dxe4 10. Ng5 Nf6 11. Nxe4 Nxe4 12. Bxe4 f5 13. Bg2 e5 14. d5 c5 15. f4 e4 16. Be3 Bd7 17. Qe2 a6 18. Rfc1 Be7 19. Qf2 b6 20. b4 Qc7 21. Rab1 Rab8 22. a3 Rfc8 23. Bf1 Qd8 24. Bd2 Qe8 25. Bc3 Bd6 26. Qb2 Qg6 27. Be5 Re8 28. Bxd6 Qxd6 29. Qe2 Qf6 30. Qe3 Qd4 31. Kf2 Ba4 32. Rc3 h6 33. Rb2 a5 34. b5 Rbd8 35. Rd2 Qf6 36. h4 Kf7 37. Be2 Rh8 38. Rc1 g6 39. Rh1 Ke7 40. Rc1 Kd6 41. Qc3 Qxc3 42. Rxc3 g5 43. h5 Rdg8 44. Ke3 Rg7 45. fxg5 hxg5 46. g4 fxg4 47. Bxg4 Rf7 48. Rf2 Rxf2 49. Kxf2 Rf8+ 50. Ke3 Rf4 51. Be2 Rh4 52. Rc1 Ke5 53. Rg1 Rh3+ 54. Kf2 Kf6 55. Rg3 Rh2+ 56. Rg2 Rh4 57. Rg3 Bc2 58. Ke3 Bd3 59. Bxd3 exd3 60. Kxd3 Rxh5 61. Re3 Kf5 62. Rf3+ Ke5 63. Re3+ Kf4 64. d6 Rh6 65. Re4+ Kf5 66. d7 Rd6+ 67. Ke3 Rxd7 68. a4 Rd1 0-1

[Event "St Chely d'Aubrac op 4th"]
[Site "St Chely d'Aubrac"]
[Date "2004.07.20"]
[Round "5"]
[White "Mathis, Julien"]
[Black "Trzesniower, Jacques"]
[Result "1-0"]
[WhiteElo "1780"]
[BlackElo "1390"]
[PlyCount "95"]
[EventDate "2004.07.17"]
[EventType "swiss"]
[EventRounds "9"]
[EventCountry "FRA"]
[SourceTitle "CBM 101 Extra"]
[Source "ChessBase"]
[SourceDate "2004.09.01"]
[SourceVersion "2"]
[SourceVersionDate "2004.09.01"]
[SourceQuality "1"]

1. c4 Nf6 2. g3 g6 3. Bg2 Bg7 4. Nc3 d6 5. e4 Nbd7 6. Nge2 0-0 7. 0-0 Re8 8. d3 e5 9. f4 c6 10. Kh1 Qc7 11. Be3 Ng4 12. Bg1 Nf8 13. h3 Nf6 14. f5 g5 15. Qd2 h6 16. Be3 N8h7 17. g4 Rd8 18. Bf3 Ne8 19. Rad1 f6 20. d4 Rd7 21. b4 b6 22. d5 Bb7 23. dxc6 Bxc6 24. Nd5 Qd8 25. Nec3 Nc7 26. Qc2 Kh8 27. Rd3 Nxd5 28. Nxd5 Bf8 29. Rfd1 Qb8 30. Qh2 Kg7 31. Kg2 Kf7 32. h4 Ke8 33. hxg5 hxg5 34. Nc3 Qc7 35. Be2 Qb7 36. Nd5 Bxd5 37. Rxd5 Kd8 38. c5 a5 39. b5 bxc5 40. Bxc5 Qc7 41. Qg1 Rb8 42. a4 Rb7 43. b6 Qxc5 44. Rxc5 dxc5 45. Bb5 Rd4 46. Rxd4+ cxd4 47. Qh2 Bc5 48. Qh5 1-0

[Event "Mulhouse"]
[Site "Mulhouse"]
[Date "2004.07.06"]
[Round "8"]
[White "Blum, Pierre1"]
[Black "Mathis, Julien"]
[Result "1/2-1/2"]
[WhiteElo "1814"]
[BlackElo "1780"]
[PlyCount "28"]
[EventDate "2004.06.29"]
[EventType "tourn"]
[EventRounds "11"]
[EventCountry "FRA"]
[SourceTitle "CBM 101 Extra"]
[Source "ChessBase"]
[SourceDate "2004.09.01"]
[SourceVersion "2"]
[SourceVersionDate "2004.09.01"]
[SourceQuality "1"]

1. d4 Nf6 2. Bg5 c5 3. d5 Ne4 4. Bc1 e6 5. g3 exd5 6. Qxd5 Nf6 7. Qd1 d5 8. Bg2 Be7 9. Nf3 b6 10. 0-0 Bb7 11. c3 Qc7 12. Bf4 Bd6 13. Bxd6 Qxd6 14. Re1 Qc7 1/2-1/2

[Event "Mulhouse"]
[Site "Mulhouse"]
[Date "2004.07.06"]
[Round "9"]
[White "Mathis, Julien"]
[Black "Hennemann, Xavier"]
[Result "1/2-1/2"]
[WhiteElo "1780"]
[BlackElo "2054"]
[PlyCount "32"]
[EventDate "2004.06.29"]
[EventType "tourn"]
[EventRounds "11"]
[EventCountry "FRA"]
[SourceTitle "CBM 101 Extra"]
[Source "ChessBase"]
[SourceDate "2004.09.01"]
[SourceVersion "2"]
[SourceVersionDate "2004.09.01"]
[SourceQuality "1"]

1. c4 e5 2. g3 Nc6 3. Bg2 g6 4. Nc3 Bg7 5. e4 d6 6. Nge2 f5 7. d3 Nf6 8. 0-0 0-0 9. Nd5 Ne7 10. Ne3 f4 11. gxf4 exf4 12. Nxf4 Nxe4 13. Nxg6 Nxg6 14. Bxe4 Qh4 15. Ng2 Qh3 16. d4 Nh4 1/2-1/2

[Event "Mulhouse"]
[Site "Mulhouse"]
[Date "2004.07.01"]
[Round "3"]
[White "Blum, Nicolas"]
[Black "Mathis, Julien"]
[Result "1/2-1/2"]
[WhiteElo "1920"]
[BlackElo "1780"]
[PlyCount "86"]
[EventDate "2004.06.29"]
[EventType "tourn"]
[EventRounds "11"]
[EventCountry "FRA"]
[SourceTitle "CBM 101 Extra"]
[Source "ChessBase"]
[SourceDate "2004.09.01"]
[SourceVersion "2"]
[SourceVersionDate "2004.09.01"]
[SourceQuality "1"]

1. d4 Nf6 2. Bg5 c5 3. Bxf6 gxf6 4. d5 Qb6 5. Qc1 f5 6. c3 d6 7. g3 Bg7 8. e3 Nd7 9. Ne2 Nf6 10. Bg2 Bd7 11. Nd2 e6 12. Nc4 Qc7 13. dxe6 Bxe6 14. Nd2 d5 15. Qc2 Ne4 16. Nf4 Qc6 17. 0-0 0-0 18. c4 Rfe8 19. cxd5 Bxd5 20. Rfd1 Rad8 21. Nxe4 Bxe4 22. Bxe4 fxe4 23. Rac1 b6 24. b3 Be5 25. Qe2 Kf8 26. Qg4 Rd6 27. Rxd6 Bxd6 28. Rd1 Bc7 29. Nh5 Qg6 30. Qxg6 hxg6 31. Nf4 Rd8 32. Rxd8+ Bxd8 33. Nd5 f5 34. Kf1 Kf7 35. Ke2 g5 36. f3 exf3+ 37. Kxf3 b5 38. e4 Ke6 39. Ne3 fxe4+ 40. Kxe4 Bf6 41. Nd5 Be5 42. Ne3 Bf6 43. Nd5 Be5 1/2-1/2